[Event "Maheswaranand Memorial op"]
[Site "Pune"]
[Date "2006.11.02"]
[Round "4"]
[White "Mandhare, Hemant Kumar"]
[Black "Kochrekar, Vishwesh"]
[Result "1-0"]
[WhiteElo "2209"]
[BlackElo "1909"]
[PlyCount "68"]
[EventDate "2006.10.31"]
[EventType "swiss"]
[EventRounds "9"]
[EventCountry "IND"]
[SourceTitle "EXT 2007"]
[Source "ChessBase"]
[SourceDate "2006.11.23"]
[SourceVersion "1"]
[SourceVersionDate "2006.11.23"]
[SourceQuality "1"]

1. d4 d5 2. c4 e6 3. Nc3 Nf6 4. Nf3 c6 5. e3 Nbd7 6. Bd3 dxc4 7. Bxc4 Nd5 8. 0-0 Be7 9. e4 Nxc3 10. bxc3 0-0 11. Bd3 b6 12. Bf4 Bb7 13. Qe2 c5 14. Rfd1 cxd4 15. cxd4 Re8 16. Rac1 Rc8 17. Rxc8 Qxc8 18. Rc1 Qa8 19. Bb5 Bxe4 20. Bxd7 Rd8 21. Rc7 Qd5 22. Bc6 Bxf3 23. Qxf3 Qxd4 24. g3 Bf6 25. Rxa7 h6 26. Kg2 Qa1 27. Be4 g6 28. Bc2 Rc8 29. Ra8 Rxa8 30. Qxa8+ Kg7 31. Bd6 Qd4 32. Qf8+ Kh7 33. Qxf7+ Bg7 34. Bxg6+ Kh8 1-0

[Event "Maheswaranand Memorial op"]
[Site "Pune"]
[Date "2006.11.01"]
[Round "3"]
[White "Dahale, Atul"]
[Black "Mandhare, Hemant Kumar"]
[Result "1-0"]
[WhiteElo "2057"]
[BlackElo "2209"]
[PlyCount "81"]
[EventDate "2006.10.31"]
[EventType "swiss"]
[EventRounds "9"]
[EventCountry "IND"]
[SourceTitle "EXT 2007"]
[Source "ChessBase"]
[SourceDate "2006.11.23"]
[SourceVersion "1"]
[SourceVersionDate "2006.11.23"]
[SourceQuality "1"]

1. d4 d5 2. c4 dxc4 3. e3 Nf6 4. Nf3 e6 5. Nc3 a6 6. Bxc4 c5 7. a4 Nc6 8. 0-0 Be7 9. Qe2 0-0 10. Rd1 cxd4 11. exd4 Nb4 12. Bg5 Re8 13. Re1 Nfd5 14. Bxe7 Rxe7 15. Rad1 b6 16. Ne5 Bb7 17. Ne4 Rc8 18. Bb3 Rcc7 19. Qh5 h6 20. Rd2 Re8 21. Nc4 Rf8 22. g3 Bc6 23. h4 Bxa4 24. Bxa4 Rxc4 25. Bb3 Rc7 26. f4 Nf6 27. Qf3 Nxe4 28. Rxe4 Qf6 29. Qf2 Qf5 30. Qe1 Rfc8 31. Kh2 Rc1 32. Qe2 Ra1 33. Rxe6 Qb5 34. Qxb5 axb5 35. Rxb6 Rcc1 36. Rxb5 Na6 37. Rb7 Nc7 38. d5 Ne8 39. Rb8 Kf8 40. d6 Rh1+ 41. Kg2 1-0